Investment Determinants Modeling for Territorial Development of Southern Ukraine: Globalization of Financial Markets
Štúdia je zameraná na identifikáciu a hodnotenie faktorov (determinantov), ktoré ovplyvňujú prílev priamych zahraničných investícií (PZI) do regiónov Ukrajiny.
Salvato in:
| Autore principale: | |
|---|---|
| Altri autori: | , |
| Natura: | Capitolo di libro |
| Lingua: | inglese |
| Soggetti: | |
| Tags: |
Nessun Tag, puoi essere il primo ad aggiungerne!!
|
MARC
| LEADER | 00000naa$a2200000$$$4500 | ||
|---|---|---|---|
| 001 | 0295442 | ||
| 005 | 20240502083950.3 | ||
| 041 | 0 | |a eng | |
| 044 | |a UA | ||
| 245 | 1 | 0 | |a Investment Determinants Modeling for Territorial Development of Southern Ukraine: Globalization of Financial Markets |c Lidiia Karpenko, Rudolf Kucharčík, Tetyana Zubro |
| 520 | |a Štúdia je zameraná na identifikáciu a hodnotenie faktorov (determinantov), ktoré ovplyvňujú prílev priamych zahraničných investícií (PZI) do regiónov Ukrajiny. | ||
| 610 | 2 | 0 | |a trh finančný |
| 610 | 2 | 0 | |a globalizácia |
| 610 | 2 | 0 | |a investície priame zahraničné |
| 610 | 2 | 0 | |a regióny |
| 610 | 2 | 0 | |a rozvoj hospodársky |
| 610 | 2 | 0 | |a Ukrajina |
| 100 | 1 | |a Karpenko, Lidiia | |
| 700 | 1 | |a Kucharčík, Rudolf, 1977- | |
| 700 | 1 | |a Zubro, Tetyana, 1975- | |